British Cabinet Posts - Statistics

General Stats
  • This quiz has been taken 1,236 times
  • The average score is 18 of 39
Answer Stats
Post % Correct
Secretary of State for Foreign and Commonwealth Affairs
95%
Prime Minister
93%
Chancellor of the Exchequer
92%
Secretary of State for the Home Department
92%
Secretary of State for Education
86%
Secretary of State for Health
81%
Secretary of State for Defence
77%
Secretary of State for Transport
70%
Secretary of State for Environment, Food and Rural Affairs
67%
Deputy Prime Minister
62%
Secretary of State for Culture, Media and Sport
62%
Secretary of State for Northern Ireland
61%
Secretary of State for Scotland
61%
Secretary of State for Wales
61%
Leader of the House of Lords
55%
Secretary of State for Justice
55%
Secretary of State for Business, Innovation and Skills
51%
Chief Whip
44%
Secretary of State for Energy and Climate Change
44%
Secretary of State for Work and Pensions
43%
First Lord of the Treasury
39%
Leader of the House of Commons
34%
Secretary of State for Communities and Local Government
33%
Chancellor of the Duchy of Lancaster
32%
Secretary of State for International Development
32%
Attorney General
29%
Minister for Women
27%
Lord Chancellor
26%
Minister without Portfolio
26%
Chief Secretary to the Treasury
24%
Minister of State for Universities and Science
23%
Lord Privy Seal
16%
Minister for the Cabinet Office
15%
Minister for Equalities
14%
First Secretary of State
13%
Minister for the Civil Service
13%
Lord President of the Council
11%
President of the Board of Trade
10%
Minister of State for Cities and Constitution
6%
No matching quizzes found
Score Distribution
Percent of People with Each Score
Percentile by Number Answered
Your Score History
You have not taken this quiz